Problems for general chemistry and qualitative analysis /
সংরক্ষণ করুন:
| প্রধান লেখক: | |
|---|---|
| অন্যান্য লেখক: | |
| বিন্যাস: | Sách giấy |
| ভাষা: | English |
| প্রকাশিত: |
New York :
John Wiley & Sons,
1967.
|
| ট্যাগগুলো: |
ট্যাগ যুক্ত করুন
কোনো ট্যাগ নেই, প্রথমজন হিসাবে ট্যাগ করুন!
|
| Thư viện lưu trữ: | Thư viện Trường Đại học Đà Lạt |
|---|
| LEADER | 00670nam a2200277 4500 | ||
|---|---|---|---|
| 001 | DLU100113529 | ||
| 005 | ##20101124 | ||
| 040 | # | # | |a DLU |b vie |
| 041 | # | # | |a eng |
| 044 | # | # | |a us |
| 082 | # | # | |a 540 |b NY-C |
| 100 | # | # | |a Nyman, C. J. |
| 245 | # | # | |a Problems for general chemistry and qualitative analysis / |c C. J. Nyman, G. B. King. |
| 260 | # | # | |a New York : |b John Wiley & Sons, |c 1967. |
| 300 | # | # | |a viii, 274 p. ; |c 22 cm. |
| 700 | # | # | |a King, G. B. |
| 923 | # | # | |a 100/2010 |
| 992 | # | # | |a 0 |
| 994 | # | # | |a DLU |
| 900 | # | # | |a True |
| 911 | # | # | |a Lý Thị Hồng Hạnh |
| 925 | # | # | |a G |
| 926 | # | # | |a A |
| 927 | # | # | |a SH |
| 980 | # | # | |a Thư viện Trường Đại học Đà Lạt |